000 00563nam a2200181Ia 4500
003 GCL
008 140319s9999 xx 000 0 ara d
040 _aGCL /
_cGCL
082 0 4 _a808.8
_bم ا
100 1 _aمحمد زكى العشماوى
245 1 0 _aامواج: صفحات من الفن والفكر /
_cمحمد زكى العشماوى
300 _a151 ص
490 _aالهيئة العامة للاستعلامات
_v0
650 0 4 _aالشعر العربى
650 0 4 _aالقصص العربية
650 0 4 _aالمقالات
942 _2ddc
_cBK
999 _c51554
_d51554